Tingkat pendapatan masyarakat perkotaan dan pengaruhnya terhadap perilaku konsumsi ditinjau dalam perspektif ekonomi Islam : (studi terhadap penduduk berpenghasilan tetap Muslim Kota Tengerang) /
Saved in:
| Main Author: | |
|---|---|
| Format: | Thesis |
| Language: | Indonesian |
| Published: |
Jakarta :
Universitas Islam Negeri (UIN) Syarif Hidayatullah,
2004
|
| Subjects: | |
| Tags: |
Add Tag
No Tags, Be the first to tag this record!
|
| LEADER | 016790000a22003490004500 | ||
|---|---|---|---|
| 001 | 481650 | ||
| 005 | 20230419160406.0 | ||
| 008 | 101019t2004 io ab g m ind | ||
| 035 | |a (Sirsi) 481650 | ||
| 040 | |a UIAM |b eng | ||
| 041 | |a ind | ||
| 043 | |a a-io-- | ||
| 050 | |a HC79.C6 | ||
| 100 | 1 | |a Muflih, Muhammad |9 93358 | |
| 245 | 1 | 0 | |a Tingkat pendapatan masyarakat perkotaan dan pengaruhnya terhadap perilaku konsumsi ditinjau dalam perspektif ekonomi Islam : |b (studi terhadap penduduk berpenghasilan tetap Muslim Kota Tengerang) / |c oleh Muhammad Muflih |
| 260 | |a Jakarta : |b Universitas Islam Negeri (UIN) Syarif Hidayatullah, |c 2004 | ||
| 300 | |a ii. 219 leaves : |b ill., maps. ; |c 30 cm. | ||
| 336 | |2 rdacontent | ||
| 337 | |2 rdamedia | ||
| 338 | |2 rdacarrier | ||
| 500 | |a "Tesis diajukan sebagai syarat untuk memperoleh Gelar Magister pada Konsentrasi Ekonomi Islam Program Pascasajarna Universitas Islam Negeri Syarif Hidayatullah"--On t.p. | ||
| 502 | |a Tesis (MA) - Universitas Islam Negeri (UIN) Syarif Hidayatullah, 2004 | ||
| 504 | |a Includes bibliographical references (leaves 196-200) | ||
| 650 | 0 | |a Consumption (Economics) |9 25721 | |
| 650 | 0 | |a Shopping |9 93359 | |
| 650 | 0 | |a Economics, Islamic |9 13543 | |
| 655 | |a Theses, Facsimile edition (Islamic) | ||
| 900 | |a hj-ls-amr | ||
| 942 | |2 lcc |n 0 | ||
| 999 | |c 434123 |d 464184 | ||
| 952 | |0 0 |6 TI HC79 C6 M949T 2004 |7 0 |8 THESES |9 754085 |a IIUM |b IIUM |c MULTIMEDIA |g 259.00 |o ti HC79 C6 M949T 2004 |p 00011162091 |r 2017-10-23 |t 1 |v 259.00 |y THESIS | ||
| 952 | |0 0 |6 TI HC79 C6 M949T 2004 |7 0 |8 THESES |9 757103 |a IIiBFL |b IIiBFL |c CLOSEACCES |g 259.00 |o ti HC79 C6 M949T 2004 |p 00011162094 |r 2017-10-30 |t 1 |v 259.00 |y THESIS | ||
